| 000 | 00417nam a2200181Ia 4500 | ||
|---|---|---|---|
| 005 | 20250423100656.0 | ||
| 008 | 250422s9999 xx 000 0 und d | ||
| 020 | _a1-56592-149-6 | ||
| 050 | _aQA 76.73.P22 .W35/ | ||
| 100 | _aLarry Wall | ||
| 245 | 0 | _aProgramming Perl | |
| 250 | _a2nd ed. | ||
| 260 | _aCambidge | ||
| 260 | _bO'Reilly & Associates, Inc. | ||
| 260 | _c1991 | ||
| 300 | _a645 p | ||
| 942 | _cBK | ||
| 999 |
_c34021 _d34021 |
||